Die Burg. - Dresden : Sandstein-Verl.. - 2010 [Rezension]
| Titel: | Die Burg. - Dresden : Sandstein-Verl.. - 2010 [Rezension] |
|---|---|
| Verfasser: | |
| In: |
Neues Archiv für sächsische Geschichte, Band 83 (2012), Seite 287-289 alle Artikel anzeigen |
| Veröffentlicht: | 2012 |
| Format: | Aufsatz |
| Sprache: | Deutsch |
X
alg: 39493528 001A $01999:12-11-16 001B $01999:01-06-17 $t18:11:36.000 001D $01999:12-11-16 001U $0utf8 001X $00 002@ $0Aox 003@ $0394935284 007A $0394935284 $aHEB 007T $0Herdc0097905m 010@ $ager 011@ $a2012 021A $aDie @Burg. - Dresden : Sandstein-Verl.. - 2010 [Rezension] 028A $aBünz $dEnno 031A $d83 $h287-289 $j2012 039B $aIn $8--Abvc--. Neues Archiv für sächsische Geschichte. - Neustadt a.d. Aisch : Schmidt, 1880-. - ISSN 0944-8195 $x201200000830000713 $9047449519 039T $8--Aau--. Die @Burg. - Dresden : Sandstein-Verl., 2010. - 340 S.. - zahlr. Ill., graph. Darst., Kt.. - ISBN 978-3-940319-96-8 $9225592401 045T $a8,1 lok: 39493528 78 exp: 39493528 78 1 #EPN 201B/01 $018-11-16 $t13:11:35.000 201U/01 $0utf8 203@/01 $0791233863 208@/01 $a12-11-16 $be 209A/01 $a/ $f000 $x00 220C/01 $aTitelaufnehmer: pg 220C/01 $aHerkunft: HI Marburg 244Z/01 $2Trx $#arvustused $#recenzijos $#Reviews $#recenziók $#recenzje $#recenzie $#recenze $8--Trx--Rezensionen $x01 $9391357441 247C/01 $82080>Marburg/Lahn, Herder-Institut, Forschungsbibliothek, Bibliographieportal $9336309341
| LEADER | 00000caa a22000002c 4500 | ||
|---|---|---|---|
| 001 | 394935284 | ||
| 003 | DE-603 | ||
| 005 | 20170601181136.0 | ||
| 007 | tu | ||
| 008 | 161112s2012 xx |||| | u00||u|ger c | ||
| 035 | |a (DE-599)HEB394935284 | ||
| 040 | |a DE-603 |b ger |c DE-603 |d DE-603 | ||
| 041 | |a ger | ||
| 084 | |a 8,1 |2 ssgn | ||
| 100 | 1 | |a Bünz, Enno | |
| 245 | 0 | 0 | |a Die Burg. - Dresden : Sandstein-Verl.. - 2010 [Rezension] |
| 264 | 0 | |c 2012 | |
| 773 | 0 | 8 | |i In |t Neues Archiv für sächsische Geschichte |d Neustadt a.d. Aisch : Schmidt, 1880- |x 0944-8195 |g Band 83 (2012), Seite 287-289 |w (DE-603)047449519 |w (DE-600)280274-0 |
| 787 | 0 | 8 | |i Rezension von |t Die Burg |d Dresden : Sandstein-Verl., 2010 |h 340 S., zahlr. Ill., graph. Darst., Kt. |z 9783940319968 |z 9783936688481 |z 3940319961 |z 3936688486 |w (DE-603)225592401 |
| 924 | 0 | |9 2080 |a (DE-603)791233863 |b DE-2080 |c HES |d d |g / | |


